| 000 | 00858nam a2200217 a 4500 | ||
|---|---|---|---|
| 001 | 000032548 | ||
| 005 | 20200930065711.0 | ||
| 008 | 110719s1997 dr 000 0 spa d | ||
| 040 |
_aDO-SdBNP _bspa _cBNPHU |
||
| 082 |
_a929.2 _bD445j |
||
| 245 | 0 | 4 |
_aLos descendientes de Julio María González Estévez (papá Julio 1874 -1952) y Felicia Eulalia Díaz y Díaz (mamá Lala 1879- 1957) / _cintroducción Julio Amable González Hernández. |
| 260 |
_aSanto Domingo : _b[s.n.], _c1997. |
||
| 300 |
_a69 p. ; _c28 cm. |
||
| 650 | 4 |
_aGonzález estévez (familia) _xGenealogía _958475 |
|
| 650 | 4 |
_aDíaz díaz (familia) _xGenealogía _958476 |
|
| 650 | 4 |
_aParentesco _92156 |
|
| 651 | 4 |
_aRepública Dominicana _xGenealogía _92157 |
|
| 700 | 1 |
_aGonzález Hernández, Julio Amable, _eintrod. _958477 |
|
| 910 | _aValidado. Control de calidad EMS | ||
| 049 | _aBNPD | ||
| 999 |
_c32039 _d32039 |
||